Volcan Irazu (Registro nro. 12591)
[ vista simple ]
| 000 -Cabecera | |
|---|---|
| Campo de control de longitud fija | 00569nam a22002537a 4500 |
| 005 - Fecha y hora de la última transacción | |
| Campo de control | 20240503170636.0 |
| 008 - Elementos de longitud fija--Información general | |
| Campo de control de longitud fija | 200219b1998 xxu||||| |||| 00| 0 spa d |
| 020 ## - International Standard Book Number | |
| Número Internacional Estándar del Libro (ISBN) | 9968991600 |
| 041 ## - Idioma | |
| Código de idioma | Español |
| 082 ## - Clasificación Decimal Dewey | |
| Número de clasificación | 551.21 B267v |
| 100 ## - Entrada principal--Autor personal | |
| Nombre personal | Barquero H., Jorge |
| 9 (RLIN) | 57556 |
| 245 ## - Título propiamente dicho | |
| Título | Volcan Irazu |
| 260 ## - Pie de imprenta | |
| Lugar de publicación, distribución, etc. | Costa Rica |
| 260 ## - Pie de imprenta | |
| Nombre del editor, distribuidor, etc. | J. Barquero H. |
| 260 ## - Pie de imprenta | |
| Fecha de publicación, distribución, etc. | 1998 |
| 300 ## - Descripción física | |
| Extensión | 50 páginas |
| 650 ## - Materia general | |
| Temática (materia general) | COSTA RICA |
| 650 ## - Materia general | |
| Temática (materia general) | VOLCANES |
| 650 ## - Materia general | |
| Temática (materia general) | VOLCAN IRAZU |
| 650 ## - Materia general | |
| Temática (materia general) | GEOLOGÍA |
| 650 ## - Materia general | |
| Temática (materia general) | HISTORIA |
| 942 ## - Punto de acceso adicional KOHA | |
| Tipo de ítem KOHA | Libro |
| Fuente del sistema de clasificación o colocación | Dewey Decimal Classification |
| Signatura completa | Código de barras | Programa Académico | Tipo de ítem |
|---|---|---|---|
| 551.21 B267v | 7787 | Turismo | Libro |
| 551.21 B267v | 6450 | Turismo | Libro |